| 000 | 00498nam a2200181Ia 4500 | ||
|---|---|---|---|
| 001 | 9785 | ||
| 005 | 20260306161744.0 | ||
| 008 | 260306t2002||||xx |||||||||||||| ||spa|| | ||
| 041 | _aESP | ||
| 082 |
_a460.1 _bP17 |
||
| 100 |
_aParedes Chavarría, Elia Acacia _eAUT |
||
| 245 | 0 | _aProntuario de lectura, lingüistica, redacción, comunicación oral y nociones de literatura | |
| 260 | _c2002 | ||
| 300 |
_a446 páginas : _c23 cm. |
||
| 650 | _aGEN | ||
| 654 | _aCHU | ||
| 942 |
_cLIB _dJUS _fJUS _2ddc _n |
||
| 999 |
_c9785 _d9785 |
||